C++ Primer Plus/ (Record no. 175324)

MARC details
000 -LEADER
fixed length control field 00609nam a22001937a 4500
005 - DATE AND TIME OF LATEST TRANSACTION
control field 20200824130919.0
010 ## - LCCN (DPL NO)
LC control number ENG-128375
020 ## - INTERNATIONAL STANDARD BOOK NUMBER
Terms of availability 729.00
International Standard Book Number 9789353438081
035 ## - SYSTEM CONTROL NUMBER
System control number EN-111907
037 ## - SOURCE OF ACQUISITION
Source of stock number/acquisition DBAD/PUB
082 ## - DEWEY DECIMAL CLASSIFICATION NUMBER
Classification number 005.133
100 ## - MAIN ENTRY--PERSONAL NAME
Personal name Prata,Stephe
245 ## - TITLE STATEMENT
Title C++ Primer Plus/
Statement of responsibility, etc by Stephen Prata
260 ## - PUBLICATION, DISTRIBUTION, ETC. (IMPRINT)
Place of publication, distribution, etc Noida
Name of publisher, distributor, etc Pearson
Date of publication, distribution, etc 2020
270 ## - ADDRESS
Address 15th floor,Tower-B,Word Trade Tower,Plot no.1,Block-C sec 16,
City Noida
Postal code 201301
Telephone number 04466540100
Electronic mail address companysecretary.india@pearson.com
300 ## - PHYSICAL DESCRIPTION
Extent 1237p.
Dimensions 25cm(pbk)
500 ## - GENERAL NOTE
General note includes index
942 ## - ADDED ENTRY ELEMENTS (KOHA)
Source of classification or shelving scheme Dewey Decimal Classification
Item type English Books
Classification part 005.133
Call number suffix PRA
Holdings
Withdrawn status Lost status Not for loan Collection code Home library Current library Date acquired Source of acquisition Cost, normal purchase price Full call number Barcode Copy number Cost, replacement price Koha item type
      Non-fiction Andrews Gunj Andrews Gunj 24/08/2020 DBAD/PUB 729.00 005.133 PRA EN-111907 1 729.00 English Books

© Delhi Public Library
Hit Counter
free hit counter